000 00863nas a2200265 4500
001 BR0104101
003 BR-BrBNA
005 20231205102411.0
007 ta
008 230509b bl.|||p| |||| 00| 00por d
040 _aBR-BrBNA
_bpor
_cBiblioteca Nacional de Agricultura
041 _a(Pt)
072 _aE70
100 1 _aRodrigues, R.
245 1 _aO papel do setor privado e os novos desafios do abastecimento nacional
650 _aPolítica de Abastecimento
650 _aAgribusiness
650 _aComercio Exterior
650 _aProduto Interno Bruto
650 _aMacroeconomia
773 0 _tRevista de Política Agrícola (Brazil)
_xISSN 1413-4969
_g(Jan-Mar 2001), v. 10(1) p. 7-12
_wBR0104101
856 4 _uRev_Pol_Agr_v10_n1-2001.pdf#page=8
_yRecurso eletrônico (PDF)
909 _a202311
_bLúcia
_c55
_dLúcia Elande
942 _2AGRIS
_n0
_cANA
999 _c167384
_d167384